| 000 | 00684nam a22001697a 4500 | ||
|---|---|---|---|
| 008 | 260701b mx o||||r|||| 001 0 spa d | ||
| 040 | _bspa | ||
| 245 | _aLOTERÍA DE FIESTAS Y TRADICIONES | ||
| 260 |
_aMÉXICO _bGOBIERNO DEL ESTADO QUERÉTARO _c2012 |
||
| 300 |
_a56 _c18 cm x 21.5 xm |
||
| 336 |
_2rdacontent _atexto _btxt |
||
| 337 |
_2rdamedia _asin mediación _bn |
||
| 338 |
_2rdacarrier _avolumen _bnc |
||
| 505 | _aPRESENTA UNA VERSIÓN LÚDICA DE LAS CELEBRACIONES POPULARES DE QUERÉTARO A TRAVÉS DEL JUEGO DE LA LOTERÍA, RESALTANDO LA IDENTIDAD CULTURAL Y LAS TRADICIONES DE LA REGIÓN. | ||
| 650 |
_aCIENCIAS SOCIALES _vCOSTUMBRES, ETIQUETA, FOLCLOR |
||
| 942 |
_2ddc _cCOLQ |
||
| 999 |
_c68732 _d68732 |
||